Andrés Bello, el hombre

Gespeichert in:
Bibliographische Detailangaben
1. Verfasser: Vargas Bello, Fernando (VerfasserIn)
Format: Buch
Sprache:Spanisch
Veröffentlicht: Santiago Andrés Bello 1982
Ausgabe:1a. ed
Schlagworte:
Tags: Tag hinzufügen
Keine Tags, Fügen Sie den ersten Tag hinzu!

MARC

LEADER 00000nam a2200000 a 4500
001 UCH0311
003 CL-VaPUC
008 090306e19820000CL |||||||||||||||||spa|d
082 0 4 |a 923  |b VAR  |2 21 
100 0 |a Vargas Bello, Fernando  |e author  |9 534500 
245 1 0 |a Andrés Bello, el hombre 
250 |a 1a. ed 
300 |a 85 p 
942 |c BK 
945 |d 20090306 00:00:00  |a cmena 
260 |a Santiago  |b Andrés Bello  |c 1982 
600 0 7 |a BELLO, ANDRES  |2 CL-VaPUC  |9 534501 
650 0 |a Biografías  |9 255210 
650 0 |a Antropología cultural   |9 269905 
650 0 |a Genealogía  |9 255285 
583 |a last modification  |c 20130105 12:20:10  |k Rodrigo Vera 
999 |c 332645  |d 332643 
952 |0 0  |1 0  |4 0  |6 923_000000000000000_VAR_1982  |7 0  |8 A  |9 420497  |a BIBEDU  |b BIBEDU  |d 2019-11-22  |i 4519949  |o 923 VAR 1982  |p 4519949  |r 2019-11-22  |w 2019-11-22  |y BK  |k LIT